000 00387 a2200097 4500
245 0 0 _aPrzełączniki zaczepów pod obciążeniem. Metody badań - Sprawdzenie zdolności łączenia dorywczej PN-87/E-04063.09 /
_cInstytut Energetyki.
246 1 3 _aPN-87/E-04063.09
246 1 3 _a621.3.049.63;621.387.362.001
260 _aWarszawa :
_bInstytut Energetyki,
_c1987.
300 _a2 stron ;
_c30 cm.
650 _aPolska norma
999 _c19721
_d19721